Վերք Հայաստանի : (Record no. 14015)
[ view plain ]
| 000 -LEADER | |
|---|---|
| fixed length control field | 01239nam a2200289 a 4500 |
| 001 - CONTROL NUMBER | |
| control field | 000030430 |
| 003 - CONTROL NUMBER IDENTIFIER | |
| control field | AM-YEHGA |
| 005 - DATE AND TIME OF LATEST TRANSACTION | |
| control field | 20250618070934.0 |
| 008 - FIXED-LENGTH DATA ELEMENTS--GENERAL INFORMATION | |
| fixed length control field | 980701s1981 ai |||||||||||arm d |
| 040 ## - CATALOGING SOURCE | |
| Original cataloging agency | AM-YeHGA |
| 041 0# - LANGUAGE CODE | |
| Language code of text/sound track or separate title | arm |
| 090 ## - LOCALLY ASSIGNED LC-TYPE CALL NUMBER (OCLC); LOCAL CALL NUMBER (RLIN) | |
| -- | 14123 |
| 100 1# - MAIN ENTRY--PERSONAL NAME | |
| Personal name | Աբովյան, Խաչատուր Ավետիքի, |
| Dates associated with a name | 1809-1848 |
| 9 (RLIN) | 91 |
| 245 10 - TITLE STATEMENT | |
| Title | Վերք Հայաստանի : |
| Remainder of title | Ողբ հայրենասիրի: Պատմական վեպ / |
| Statement of responsibility, etc. | Խ. Աբովյան; Խմբ. և առաջաբ. հեղ.՝ Պ. Հակոբյան; ԵՊՀ հրատ. |
| 260 ## - PUBLICATION, DISTRIBUTION, ETC. | |
| Place of publication, distribution, etc. | Երևան : |
| Name of publisher, distributor, etc. | ԵՊՀ հրատ, |
| Date of publication, distribution, etc. | 1981. |
| 300 ## - PHYSICAL DESCRIPTION | |
| Extent | 382 էջ ; |
| Dimensions | 22 սմ. |
| 440 #0 - SERIES STATEMENT/ADDED ENTRY--TITLE | |
| Title | Ուսանողի գրադարան |
| 500 ## - GENERAL NOTE | |
| General note | Ծանոթագր., էջ՚ 316-351 |
| 500 ## - GENERAL NOTE | |
| General note | Բառարան, էջ՝ 352-372 |
| 500 ## - GENERAL NOTE | |
| General note | Այբբենական ցանկ, էջ՝ 375-378 |
| 500 ## - GENERAL NOTE | |
| General note | Գրաքննական կրճատումներ, էջ՝ 379-380 |
| 504 ## - BIBLIOGRAPHY, ETC. NOTE | |
| Bibliography, etc. note | Մատենագիտ. տեղեկութ., էջ՝ 373-374 |
| 650 14 - SUBJECT ADDED ENTRY--TOPICAL TERM | |
| Topical term or geographic name entry element | Հայ գրականություն |
| General subdivision | Պատմավեպ |
| 700 1# - ADDED ENTRY--PERSONAL NAME | |
| Personal name | Հակոբյան, Պիոն Հովսեփի, |
| Dates associated with a name | 1926-2000 |
| Relator term | խմբ. |
| Relationship | edt |
| Relator term | առաջաբ. |
| Relationship | aui |
| 9 (RLIN) | 1206 |
| 710 2# - ADDED ENTRY--CORPORATE NAME | |
| Corporate name or jurisdiction name as entry element | Երևանի պետական համալսարան |
| 942 ## - ADDED ENTRY ELEMENTS (KOHA) | |
| Source of classification or shelving scheme | Universal Decimal Classification |
| Koha item type | Գրքեր / Books |
| Withdrawn status | Lost status | Source of classification or shelving scheme | Damaged status | Not for loan | Collection | Home library | Current library | Date acquired | Total checkouts | Full call number | Barcode | Date last seen | Price effective from | Koha item type | Public note |
|---|---|---|---|---|---|---|---|---|---|---|---|---|---|---|---|
| Universal Decimal Classification | Avdalbegian Individual Collection | Fundamental Scientific Library | Fundamental Scientific Library | 21/12/2016 | Ավդ/556 | FL0432389 | 21/12/2016 | 21/12/2016 | Գրքեր / Books | ILL Non-Circ. | |||||
| General | Fundamental Scientific Library | Fundamental Scientific Library | 21/12/2016 | AII/65414 | 220065414 | 21/12/2016 | 21/12/2016 | Գրքեր / Books | 30 Days Loan | ||||||
| General | Fundamental Scientific Library | Fundamental Scientific Library | 21/12/2016 | AII/65415 | 220065415 | 21/12/2016 | 21/12/2016 | Գրքեր / Books | 30 Days Loan | ||||||
| General | Fundamental Scientific Library | Fundamental Scientific Library | 21/12/2016 | AII/65416 | 220065416 | 21/12/2016 | 21/12/2016 | Գրքեր / Books | 30 Days Loan | ||||||
| General | Fundamental Scientific Library | Fundamental Scientific Library | 21/12/2016 | AII/65417 | 220065417 | 21/12/2016 | 21/12/2016 | Գրքեր / Books | 30 Days Loan |
ՀՀ Գիտությունների ազգային ակադեմիայի հիմնարար գիտական գրադարան = Fundamental Scientific Library of NAS RA
All site content, except where otherwise noted, is licensed under a